| 000 | 00601nam a22002057a 4500 | ||
|---|---|---|---|
| 003 | OSt | ||
| 005 | 20140310183128.0 | ||
| 008 | 130530t xxu||||| |||| 00| 0 eng d | ||
| 020 | _a9789712722332 | ||
| 050 |
_aHV 6432 _b.C822 2009 |
||
| 082 |
_aFIL 353.020905 _bC822 2009 |
||
| 245 |
_aAmerica's dim mak points : _bunrestricted warfare in the 21st century / _cCorpus, Victor N |
||
| 260 |
_aPasig City, Philippines : _bAnvil Pub, _c2009. |
||
| 300 |
_a166 p. _c22 cm. |
||
| 521 | _acollege students | ||
| 526 | _c1210L-1700L | ||
| 541 | _j1 | ||
| 562 | _e1 | ||
| 942 |
_2lcc _cBK _kFIL |
||
| 999 |
_c19081 _d19081 |
||